00237nam a2200085Ia 450000100070000000500170000700800410002424500670006526000190013264017420250826153442.0250824s9999 xx 000 0 und d 0a12 Sir Herbert Zindantaşı’nın Hayaletic Kate McMullan bBEYAZ BALİNA